<?xml version="1.0" encoding="UTF-8"?>
<record
    xmlns:xsi="http://www.w3.org/2001/XMLSchema-instance"
    xsi:schemaLocation="http://www.loc.gov/MARC21/slim http://www.loc.gov/standards/marcxml/schema/MARC21slim.xsd"
    xmlns="http://www.loc.gov/MARC21/slim">

  <leader>01243nam a2200325 a 4500</leader>
  <controlfield tag="001">000025988</controlfield>
  <controlfield tag="003">DO-SdBNP</controlfield>
  <controlfield tag="005">20251120073732.0</controlfield>
  <controlfield tag="007">ta</controlfield>
  <controlfield tag="008">110225s1980    dr            001 0 spa d</controlfield>
  <datafield tag="040" ind1=" " ind2=" ">
    <subfield code="a">DO-SdBNP</subfield>
    <subfield code="b">spa</subfield>
    <subfield code="c">BNPHU</subfield>
    <subfield code="e">rda</subfield>
  </datafield>
  <datafield tag="082" ind1=" " ind2="4">
    <subfield code="a">972.9363</subfield>
    <subfield code="b">P762s, 1980</subfield>
    <subfield code="2">22</subfield>
  </datafield>
  <datafield tag="100" ind1="1" ind2=" ">
    <subfield code="a">Polanco Brito, Hugo Eduardo,</subfield>
    <subfield code="d">1918-</subfield>
    <subfield code="9">24251</subfield>
    <subfield code="e">autor</subfield>
  </datafield>
  <datafield tag="245" ind1="1" ind2="0">
    <subfield code="a">Salcedo y su historia /</subfield>
    <subfield code="c">Hugo Eduardo Polanco Brito.</subfield>
  </datafield>
  <datafield tag="250" ind1=" " ind2=" ">
    <subfield code="a">segunda edici&#xF3;n</subfield>
  </datafield>
  <datafield tag="264" ind1=" " ind2=" ">
    <subfield code="a">Santiago, Rep&#xFA;blica Dominicana :</subfield>
    <subfield code="b">UCMM,</subfield>
    <subfield code="c">1980.</subfield>
  </datafield>
  <datafield tag="300" ind1=" " ind2=" ">
    <subfield code="a">407 p&#xE1;ginas :</subfield>
    <subfield code="b">mapa, retratos ;</subfield>
    <subfield code="c">23 cm.</subfield>
  </datafield>
  <datafield tag="336" ind1=" " ind2=" ">
    <subfield code="2">rdacontent</subfield>
    <subfield code="a">texto</subfield>
    <subfield code="b">txt</subfield>
  </datafield>
  <datafield tag="337" ind1=" " ind2=" ">
    <subfield code="2">rdamedia</subfield>
    <subfield code="a">sin mediaci&#xF3;n</subfield>
    <subfield code="b">n</subfield>
  </datafield>
  <datafield tag="338" ind1=" " ind2=" ">
    <subfield code="2">rdacarrier</subfield>
    <subfield code="a">volumen</subfield>
    <subfield code="b">nc</subfield>
  </datafield>
  <datafield tag="490" ind1=" " ind2=" ">
    <subfield code="a">Estudios</subfield>
  </datafield>
  <datafield tag="500" ind1=" " ind2=" ">
    <subfield code="a">Incluye referencias bibliogr&#xE1;ficas y notas al pie de las p&#xE1;ginas e &#xED;ndice de nombres</subfield>
  </datafield>
  <datafield tag="590" ind1=" " ind2=" ">
    <subfield code="a">Inventariado, 2024/BT</subfield>
  </datafield>
  <datafield tag="650" ind1=" " ind2="7">
    <subfield code="a">Ciudades y pueblos</subfield>
    <subfield code="9">32619</subfield>
    <subfield code="z">Rep&#xFA;blica Dominicana</subfield>
    <subfield code="x">Historia </subfield>
    <subfield code="2">LEMB</subfield>
  </datafield>
  <datafield tag="651" ind1=" " ind2="4">
    <subfield code="a">Salcedo (Rep&#xFA;blica Dominicana)</subfield>
    <subfield code="x">Historia local</subfield>
    <subfield code="9">45423</subfield>
  </datafield>
  <datafield tag="651" ind1=" " ind2="4">
    <subfield code="a">Salcedo (Rep&#xFA;blica Dominicana)</subfield>
    <subfield code="x">Vida social y costumbres</subfield>
    <subfield code="9">52887</subfield>
  </datafield>
  <datafield tag="710" ind1="2" ind2=" ">
    <subfield code="a">Pontificia  Universidad Cat&#xF3;lica Madre y Maestra </subfield>
    <subfield code="9">843</subfield>
  </datafield>
  <datafield tag="910" ind1=" " ind2=" ">
    <subfield code="a">Validado. Control de calidad MMOLINA</subfield>
  </datafield>
  <datafield tag="942" ind1=" " ind2=" ">
    <subfield code="2">ddc</subfield>
    <subfield code="c">LBS1</subfield>
  </datafield>
  <datafield tag="952" ind1=" " ind2=" ">
    <subfield code="0">0</subfield>
    <subfield code="1">0</subfield>
    <subfield code="2">ddc</subfield>
    <subfield code="5">1</subfield>
    <subfield code="7">0</subfield>
    <subfield code="8">PD</subfield>
    <subfield code="a">BNPHU</subfield>
    <subfield code="b">BNPHU</subfield>
    <subfield code="c">HD</subfield>
    <subfield code="d">2011-02-25</subfield>
    <subfield code="l">0</subfield>
    <subfield code="o">BNPHU PD 972.9363 P762, 1980</subfield>
    <subfield code="p">25988-10</subfield>
    <subfield code="r">2020-06-25</subfield>
    <subfield code="w">2020-06-25</subfield>
    <subfield code="y">LBS1</subfield>
    <subfield code="Z">No se presta</subfield>
  </datafield>
  <datafield tag="952" ind1=" " ind2=" ">
    <subfield code="0">0</subfield>
    <subfield code="1">0</subfield>
    <subfield code="2">ddc</subfield>
    <subfield code="5">1</subfield>
    <subfield code="7">0</subfield>
    <subfield code="8">PD</subfield>
    <subfield code="a">BNPHU</subfield>
    <subfield code="b">BNPHU</subfield>
    <subfield code="c">HD</subfield>
    <subfield code="d">2013-05-08</subfield>
    <subfield code="l">0</subfield>
    <subfield code="o">BNPHU PD 972.9363 P762, 1980</subfield>
    <subfield code="p">25988-20</subfield>
    <subfield code="r">2020-06-25</subfield>
    <subfield code="t">e. 2</subfield>
    <subfield code="w">2020-06-25</subfield>
    <subfield code="y">LBS1</subfield>
    <subfield code="Z">No se presta</subfield>
  </datafield>
  <datafield tag="952" ind1=" " ind2=" ">
    <subfield code="0">0</subfield>
    <subfield code="1">0</subfield>
    <subfield code="2">ddc</subfield>
    <subfield code="5">6</subfield>
    <subfield code="7">0</subfield>
    <subfield code="8">CDV</subfield>
    <subfield code="a">BNPHU</subfield>
    <subfield code="b">BNPHU</subfield>
    <subfield code="c">HD</subfield>
    <subfield code="d">2024-05-07</subfield>
    <subfield code="e">Donaci&#xF3;n</subfield>
    <subfield code="l">0</subfield>
    <subfield code="o">BNPHU DS 972.9363 P762s, 1980</subfield>
    <subfield code="p">2024-2815</subfield>
    <subfield code="r">2024-05-07</subfield>
    <subfield code="t">e.3</subfield>
    <subfield code="w">2024-05-07</subfield>
    <subfield code="y">LBS1</subfield>
    <subfield code="z">Perteneci&#xF3; a la biblioteca personal de Emilio Cordero Michel.</subfield>
  </datafield>
  <datafield tag="999" ind1=" " ind2=" ">
    <subfield code="c">25480</subfield>
    <subfield code="d">25480</subfield>
  </datafield>
</record>
